| 000 | 01913nam a2200493Ii 4500 | ||
|---|---|---|---|
| 001 | DIGAKAL0209 | ||
| 003 | NyNyDIG | ||
| 008 | 160902t20142014sp ob 000 0 spa d | ||
| 006 | m o d | ||
| 007 | cr ||||||||||| | ||
| 035 | _a(OCoLC)885340402 | ||
| 040 |
_aDGITA _beng _erda _epn _cDGITA |
||
| 020 |
_a9788446038184 _q(eBook ; _qePub) |
||
| 020 |
_a8446038188 _q(eBook ; _qePub) |
||
| 020 | _z9788446037361 | ||
| 020 | _z844603736X | ||
| 041 | 1 |
_aspa _hger |
|
| 050 | 1 | 4 | _aBF1078 ebook |
| 082 | 0 | 4 |
_a154.63 _223 |
| 100 | 1 |
_aFreud, Sigmund, _d1856-1939, _eauthor. |
|
| 240 | 1 | 0 |
_aTraumdeutung. _lSpanish |
| 245 | 1 | 3 |
_aLa interpretación de los sueños : _bflectere si nequeo superos, Acheronta movebo / _cSigmund Freud ; traducción, Alfredo Brotons Muñoz. |
| 264 | 1 |
_aTres Cantos, Madrid, España : _bEdiciones Akal, S.A., _c[2014] |
|
| 264 | 4 | _c©2014 | |
| 300 | _a1 online resource. | ||
| 336 |
_atext _btxt _2rdacontent |
||
| 337 |
_acomputer _bc _2rdamedia |
||
| 338 |
_aonline resource _bcr _2rdacarrier |
||
| 490 | 1 |
_aAkal/Básica de bolsillo ; _v267 |
|
| 504 | _aIncludes bibliographical references. | ||
| 588 | 0 | _aOnline resource; title from ePub title page (Digitalia, viewed September 4, 2016) | |
| 650 | 0 | _aDream interpretation. | |
| 650 | 0 | _aPsychoanalysis. | |
| 655 | 0 | _aElectronic books. | |
| 700 | 1 |
_aBrotons Muñoz, Alfredo, _etranslator. |
|
| 700 | 1 |
_iTranslation of: _aFreud, Sigmund, _d1856-1939. _tTraumdeutung. |
|
| 791 | 2 |
_aDigitalia (Firm), _edistributor. |
|
| 793 | 0 |
_gDigitalia eBook Collection: _aAkal |
|
| 776 | 0 | 8 |
_iPrint version: _aFreud, Sigmund, 1856-1939. _sTraumdeutung. Spanish. _tInterpretación de los sueños. _dTres Cantos, Madrid : Ediciones Akal, ©2013 _z9788446037361 |
| 830 | 0 |
_aAkal bolsillo ; _v267. |
|
| 856 | 4 | 0 |
_3Digitalia Hispánica _uhttps://www.digitaliapublishing.com/a/27864/ |
| 910 | _aPremium Collection: 2016 | ||
| 942 | _cRAA | ||
| 999 |
_c238925 _d238925 |
||